00726nam a2200229Ia 450000100060000000300090000600800410001504000130005604000130006904100130008210000260009510000290012124500890015024500360023925000110027526000110028626000180029726000490031530000590036465000420042365000310046520152IT-RoPAU130308s9999 xx 000 0 und d aIT-RoPAU cIT-RoPAU aITALIANO aCallari Galli Matilde gCodice Aut. SPICS: 8595 a"Bambino come campo di ricerca della rubrica di ""Antropologia ed educazione"" (Il)" bBambino Come Comunicazione (Il) a1a ed. aMILANO bAngeli Franco c1982 [1° Ed.:1982 - Ed.Ling.Originale:1982] a"18 p. (prefazione: no ; testo: 18 [pagine: 199-216])" aPEDAGOGIA DELLA COMUNICAZIONE SOCIALE eCodice materia Spics: 3804